[Event "2nd Turkish League 2017"]
[Site "Konya"]
[Date "2017.07.20"]
[Round "5"]
[White "Alaz, Ahmet Efekan"]
[Black "Sahinoglu, Hakan"]
[Result "1-0"]
[WhiteElo "2015"]
[BlackElo "1835"]
[Annotator "NA"]
[PlyCount "87"]
[EventType "team-tourn"]
[EventCountry "TUR"]
[SourceTitle "playchess.com"]
[Source "ChessBase"]
[SourceQuality "1"]
[TimeControl "5400+30"]

1. d4 {[%emt 0:00:30]} d5 {[%emt 0:01:00]} 2. Bf4 {[%emt 0:00:00]} Nf6 {[%emt 0:00:30]} 3. Nf3 {[%emt 0:00:00]} e6 {[%emt 0:00:00]} 4. e3 {[%emt 0:01:30]} c5 {[%emt 0:00:00]} 5. c3 {[%emt 0:00:00]} Nc6 {[%emt 0:00:30]} 6. Nbd2 {[%emt 0:01:00]} Be7 {[%emt 0:02:30]} 7. Bd3 {[%emt 0:00:30]} O-O {[%emt 0:01:30]} 8. Ne5 {[%emt 0:02:30]} Bd7 {[%emt 0:09:30]} 9. h4 {[%emt 0:00:30] D02: 1 d4 d5 2 Nf3 sidelines, including 2...Nf6 3 g3 and 2...Nf6 3 Bf4} Qb6 {[%emt 0:01:30]} (9... Be8 10. g4 cxd4 11. exd4 Rc8 12. Nef3 Bd6 13. Be5 Bxe5 14. dxe5 Nxg4 15. Bxh7+ Kh8 16. Rg1 {½-½ (50) Motylev,A (2680)-Wen,Y (2581) China 2014}) 10. Rb1 {[%emt 0:03:30]} Rfd8 {[%emt 0:18:30]} 11. g4 $146 {[%emt 0:02:30]} ({Predecessor:} 11. Qf3 Be8 12. g4 cxd4 13. exd4 Nxe5 14. Bxe5 Nd7 15. Bg3 f6 16. h5 Bf7 {1-0 (27) Warner,D (2240)-Nakamura,R (2187) Khanty-Mansiysk 2010}) 11... Nxe5 {[%emt 0:14:30]} 12. dxe5 {[%emt 0:09:30]} Ne4 $1 {[%emt 0:00:30]} 13. Qc2 {[%emt 0:15:30]} Bc6 {[%emt 0:01:30]} 14. f3 {[%emt 0:00:30]} Nxd2 {[%emt 0:01:30]} 15. Bxh7+ {[%emt 0:00:30]} Kh8 {[%emt 0:00:30]} 16. Kxd2 {[%emt 0:00:00]} Qa6 {[%emt 0:17:30]} 17. Bd3 {[%emt 0:03:00]} Bb5 {[%emt 0:01:30]} 18. Bxb5 {[%emt 0:01:30]} Qxb5 {[%emt 0:00:30]} 19. Qb3 {[%emt 0:02:30]} Qxb3 {[%emt 0:11:01]} 20. axb3 {[%emt 0:00:30]} d4 {[%emt 0:00:00]} 21. Kc2 {[%emt 0:04:30]} b5 {[%emt 0:03:22]} 22. Rhd1 $16 {[%emt 0:03:30]} dxc3 {[%emt 0:09:06]} 23. bxc3 {[%emt 0:00:30]} a5 {[%emt 0:00:13]} 24. h5 {[%emt 0:05:30]} Kg8 {[%emt 0:02:24]} 25. e4 {[%emt 0:00:30]} a4 {[%emt 0:01:14]} 26. Rxd8+ {[%emt 0:01:30]} Bxd8 {[%emt 0:00:45]} 27. bxa4 {[%emt 0:00:30]} bxa4 {[%emt 0:00:00]} 28. Bc1 {[%emt 0:00:00]} Kf8 {[%emt 0:02:09]} 29. Ba3 {[%emt 0:01:00]} Be7 {[%emt 0:00:04]} 30. Rb5 {[%emt 0:00:30]} Bg5 {[%emt 0:00:25]} 31. Bxc5+ {[%emt 0:00:00]} Ke8 {[%emt 0:00:04]} 32. Bd6 {[%emt 0:00:00]} Kd7 {[%emt 0:00:37]} 33. Kb2 {[%emt 0:02:30]} Kc6 {[%emt 0:00:44]} 34. Rc5+ {[%emt 0:00:30]} Kb6 {[%emt 0:00:02]} 35. Rc4 {[%emt 0:00:30]} Kb5 {[%emt 0:01:41]} 36. Rb4+ {[%emt 0:00:00]} Kc6 {[%emt 0:00:01]} 37. c4 {[%emt 0:00:00]} Bd2 {[%emt 0:00:32]} 38. Rb5 {[%emt 0:00:30]} Be3 {[%emt 0:00:38]} 39. Ka3 {[%emt 0:01:30]} Bc1+ {[%emt 0:00:30]} 40. Ka2 {[%emt 0:00:30]} Be3 {[%emt 0:00:00]} 41. Rb2 {[%emt 0:00:30]} Ra7 {[%emt 0:01:25]} 42. c5 {[%emt 0:00:30]} a3 {[%emt 0:00:55]} 43. Rb6+ {[%emt 0:00:30]} Kd7 {[%emt 0:00:30]} 44. c6+ {[%emt 0:00:00]} 1-0

[Event "2nd Turkish League 2017"]
[Site "Konya"]
[Date "2017.07.20"]
[Round "5"]
[White "Dogdu, Mehmet"]
[Black "Demirag, Batuhan"]
[Result "1/2-1/2"]
[WhiteElo "1985"]
[BlackElo "1914"]
[Annotator "NA"]
[PlyCount "87"]
[EventType "team-tourn"]
[EventCountry "TUR"]
[SourceTitle "playchess.com"]
[Source "ChessBase"]
[SourceQuality "1"]
[TimeControl "5400+30"]

1. e4 {[%emt 0:00:30]} c5 {[%emt 0:01:00]} 2. Nf3 {[%emt 0:00:30]} e6 {[%emt 0:00:00]} 3. d4 {[%emt 0:00:00]} cxd4 {[%emt 0:00:00]} 4. Nxd4 {[%emt 0:00:00]} a6 {[%emt 0:00:00]} 5. Bd3 {[%emt 0:00:30]} Nc6 {[%emt 0:00:00]} 6. Be3 {[%emt 0:04:30]} Nf6 {[%emt 0:02:30]} 7. Nd2 {[%emt 0:03:30] B42: Sicilian: Kan Variation: 5 Bd3} d5 {[%emt 0:01:30]} 8. O-O {[%emt 0:01:30]} Nxd4 $146 {[%emt 0:07:30]} ({Predecessor:} 8... Be7 9. exd5 Nxd5 10. Nxc6 bxc6 11. Bd4 O-O 12. Nb3 a5 13. Re1 Bf6 14. c4 {½-½ (24) Ioannidis,E (2292)-Kovalev,A (2487) Budapest 2015}) 9. Bxd4 {[%emt 0:00:00]} dxe4 {[%emt 0:00:00]} 10. Nxe4 {[%emt 0:01:00]} Be7 {[%emt 0:02:00]} 11. Nxf6+ {[%emt 0:12:30]} Bxf6 {[%emt 0:00:00]} 12. Bxf6 {[%emt 0:00:30]} Qxf6 {[%emt 0:00:00]} 13. Qh5 {[%emt 0:00:00]} h6 {[%emt 0:03:30]} 14. Qc5 {[%emt 0:02:00]} Qe7 {[%emt 0:01:30]} 15. Qb6 {[%emt 0:05:30]} O-O {[%emt 0:01:30]} 16. Be4 {[%emt 0:01:30]} f5 {[%emt 0:02:30]} 17. Bf3 {[%emt 0:01:30]} e5 {[%emt 0:02:30]} 18. Rad1 {[%emt 0:09:30]} e4 {[%emt 0:01:30]} 19. Be2 $11 {[%emt 0:04:30]} f4 {[%emt 0:06:30]} 20. f3 {[%emt 0:02:30]} e3 {[%emt 0:04:30]} 21. Rd4 {[%emt 0:05:30]} Qg5 {[%emt 0:12:30]} 22. Kh1 {[%emt 0:06:30]} Kh8 {[%emt 0:05:30]} 23. g3 {[%emt 0:06:30]} fxg3 {[%emt 0:08:30]} 24. Rg1 {[%emt 0:01:30]} Qe5 {[%emt 0:01:30]} 25. Re4 {[%emt 0:10:30]} Qd5 {[%emt 0:05:30]} 26. Rxg3 {[%emt 0:06:31]} Bd7 {[%emt 0:10:30]} 27. Qg6 {[%emt 0:04:39]} Rf7 {[%emt 0:04:04]} 28. c4 {[%emt 0:02:33]} Qf5 {[%emt 0:00:09]} 29. Qxf5 {[%emt 0:00:30]} Bxf5 {[%emt 0:00:30]} 30. Rxe3 {[%emt 0:00:00]} Rd8 {[%emt 0:00:00]} 31. b4 {[%emt 0:02:11]} Rd2 {[%emt 0:00:45]} 32. a3 {[%emt 0:00:19]} Rfd7 {[%emt 0:02:08]} 33. c5 {[%emt 0:01:39]} Rc2 {[%emt 0:00:49]} 34. Rg1 {[%emt 0:00:36]} Rdd2 {[%emt 0:00:38]} 35. Re1 {[%emt 0:00:16]} Bd7 {[%emt 0:03:25]} 36. Rd3 {[%emt 0:02:01]} Bc6 {[%emt 0:01:00]} 37. Rxd2 {[%emt 0:01:53]} Rxd2 {[%emt 0:00:30]} 38. Kg1 {[%emt 0:00:30]} Ra2 {[%emt 0:00:00]} 39. Bd3 {[%emt 0:00:53]} Rxa3 {[%emt 0:00:08]} 40. Be4 {[%emt 0:00:00]} Bxe4 {[%emt 0:00:50]} 41. Rxe4 {[%emt 0:00:18]} a5 {[%emt 0:04:51]} 42. bxa5 {[%emt 0:01:51]} Rxa5 {[%emt 0:00:06]} 43. Rb4 {[%emt 0:01:00]} Rxc5 {[%emt 0:00:10]} 44. Rxb7 {[%emt 0:00:05]} 1/2-1/2

[Event "2nd Turkish League 2017"]
[Site "Konya"]
[Date "2017.07.20"]
[Round "5"]
[White "Cannesar, Rad"]
[Black "Ibik, Halit Yavuz"]
[Result "1/2-1/2"]
[WhiteElo "1979"]
[BlackElo "2004"]
[Annotator "NA"]
[PlyCount "65"]
[EventType "team-tourn"]
[EventCountry "TUR"]
[SourceTitle "playchess.com"]
[Source "ChessBase"]
[SourceQuality "1"]
[TimeControl "5400+30"]

1. e4 {[%emt 0:00:30]} c5 {[%emt 0:01:00]} 2. Nf3 {[%emt 0:00:30]} d6 {[%emt 0:00:30]} 3. d4 {[%emt 0:00:30]} cxd4 {[%emt 0:00:00]} 4. Nxd4 {[%emt 0:00:00]} Nf6 {[%emt 0:00:00]} 5. Nc3 {[%emt 0:00:00]} a6 {[%emt 0:00:30]} 6. Bc4 {[%emt 0:00:00]} e6 {[%emt 0:00:30]} 7. Bb3 {[%emt 0:00:00]} Nbd7 {[%emt 0:00:30]} 8. O-O {[%emt 0:09:30]} Nc5 {[%emt 0:00:00]} 9. Qe2 {[%emt 0:04:30]} Be7 {[%emt 0:04:00] B86: Sicilian Scheveningen/Najdorf: 6 Bc4, without early ...b5} 10. Rd1 {[%emt 0:01:30]} (10. Kh1 O-O 11. f4 Qc7 12. e5 Ne8 13. Bd2 b5 14. exd6 Nxd6 15. f5 Nxb3 16. axb3 Bf6 17. Be3 Bxd4 18. Bxd4 Nxf5 {0-1 (65) Tomczak,J (2587)-Swiercz,D (2664) Hucisko 2016}) 10... Qc7 {[%emt 0:00:00]} 11. a4 {[%emt 0:06:30]} b6 {[%emt 0:03:00]} 12. Ba2 {[%emt 0:06:30]} O-O {[%emt 0:02:30]} 13. f3 {[%emt 0:03:30]} Rd8 $146 {[%emt 0:02:30]} ({Predecessor:} 13... Bb7 14. b4 Ncd7 15. Bb2 Rfe8 16. b5 a5 17. Re1 {0-1 (55) Giurgiu,N (2084)-Shelykalin,V (2100) LSS email 2012}) 14. Be3 {[%emt 0:05:30]} Bb7 {[%emt 0:03:30]} 15. b4 {[%emt 0:05:30]} Ncd7 {[%emt 0:01:30]} 16. Qe1 {[%emt 0:02:30]} Rac8 {[%emt 0:02:30]} 17. Nde2 {[%emt 0:01:30]} Ne5 {[%emt 0:14:30]} 18. Qf2 {[%emt 0:03:30]} Nfd7 {[%emt 0:00:30]} 19. Rac1 {[%emt 0:05:30]} Bf6 {[%emt 0:12:30]} 20. Bd4 {[%emt 0:03:30]} Nc6 {[%emt 0:13:30]} 21. Bxf6 {[%emt 0:00:30]} Nxf6 {[%emt 0:00:00]} 22. Rb1 {[%emt 0:04:30]} Ne7 $15 {[%emt 0:14:00]} 23. Rdc1 {[%emt 0:06:30]} d5 {[%emt 0:07:13]} 24. exd5 {[%emt 0:02:30]} exd5 {[%emt 0:00:19]} 25. Nd1 {[%emt 0:06:30]} Nf5 {[%emt 0:02:05]} 26. Ne3 {[%emt 0:02:32]} Nxe3 {[%emt 0:02:52]} 27. Qxe3 {[%emt 0:00:11]} Re8 {[%emt 0:08:41]} 28. Qd2 {[%emt 0:04:23]} Rcd8 {[%emt 0:02:26]} 29. Nd4 {[%emt 0:02:10]} Nd7 {[%emt 0:00:56]} 30. Re1 {[%emt 0:03:44]} Ne5 {[%emt 0:01:43]} 31. Rbd1 {[%emt 0:06:19]} Nc4 {[%emt 0:00:38]} 32. Qc3 {[%emt 0:01:06]} g6 {[%emt 0:01:21]} 33. Bb3 {[%emt 0:02:58]} 1/2-1/2

[Event "2nd Turkish League 2017"]
[Site "Konya"]
[Date "2017.07.20"]
[Round "5"]
[White "Okay, Ilkin Ege"]
[Black "Ataman, Alper Efe"]
[Result "1/2-1/2"]
[WhiteElo "1973"]
[BlackElo "2175"]
[Annotator "NA"]
[PlyCount "59"]
[EventType "team-tourn"]
[EventCountry "TUR"]
[SourceTitle "playchess.com"]
[Source "ChessBase"]
[SourceQuality "1"]
[TimeControl "5400+30"]

1. e4 {[%emt 0:00:30]} e5 {[%emt 0:01:00]} 2. Nc3 {[%emt 0:00:00]} Nf6 {[%emt 0:00:30]} 3. Bc4 {[%emt 0:00:00]} Bc5 {[%emt 0:03:30]} 4. d3 {[%emt 0:00:30]} d6 {[%emt 0:02:30]} 5. Bg5 {[%emt 0:03:30]} h6 {[%emt 0:01:30]} 6. Bh4 {[%emt 0:00:30] C27: Vienna Game: 2...Nf6 3 Bc4 Nxe4} c6 {[%emt 0:04:30]} 7. a4 {[%emt 0:05:30]} (7. Nf3 Nbd7 8. Bb3 Bb6 9. d4 g5 10. Bg3 g4 11. dxe5 gxf3 12. exf6 fxg2 13. Bxf7+ Kxf7 14. Qh5+ Ke6 15. Qf5+ Kf7 16. Qh5+ Ke6 {½-½ (16) Caruana,F (2811)-Anand,V (2797) Zurich 2015}) 7... Nbd7 $146 {[%emt 0:03:30]} ({Predecessor:} 7... a5 8. Nge2 Qb6 9. O-O g5 10. Bg3 Nbd7 11. Qd2 Nf8 12. Nd1 Ng6 13. c3 Qc7 {½-½ (70) Jasim,A (2280)-Husari,S (2397) Doha 2002}) 8. Nf3 {[%emt 0:01:30]} Nf8 {[%emt 0:01:30]} 9. Qd2 {[%emt 0:06:30]} Ng6 {[%emt 0:01:30]} 10. Bg3 {[%emt 0:03:30]} Bg4 {[%emt 0:02:30]} 11. Ne2 {[%emt 0:13:30]} O-O {[%emt 0:04:30]} 12. h3 {[%emt 0:11:30]} Bxf3 {[%emt 0:05:30]} 13. gxf3 {[%emt 0:00:00]} d5 {[%emt 0:00:30]} 14. Bb3 {[%emt 0:02:00]} Re8 {[%emt 0:01:30]} 15. O-O-O {[%emt 0:03:30]} Qb6 {[%emt 0:03:30]} 16. exd5 {[%emt 0:12:30]} Nxd5 {[%emt 0:08:30]} 17. Bxd5 {[%emt 0:02:30]} cxd5 {[%emt 0:00:00]} 18. d4 {[%emt 0:00:00]} exd4 {[%emt 0:05:00]} 19. Nxd4 {[%emt 0:00:00]} Rac8 {[%emt 0:00:30]} 20. Nf5 {[%emt 0:07:30]} Qa6 {[%emt 0:05:30]} 21. Qxd5 {[%emt 0:04:30]} Qxa4 $17 {[%emt 0:04:30]} 22. Kb1 {[%emt 0:00:30]} Re6 {[%emt 0:08:30]} 23. Rhe1 {[%emt 0:01:30]} Ra6 {[%emt 0:02:30]} 24. c3 {[%emt 0:00:30]} Bf8 {[%emt 0:04:30]} 25. Re4 {[%emt 0:02:47]} Qa5 {[%emt 0:04:30]} 26. Qxa5 {[%emt 0:06:39]} Rxa5 {[%emt 0:00:30]} 27. Nd6 {[%emt 0:00:02]} Bxd6 {[%emt 0:03:41]} 28. Rxd6 {[%emt 0:00:08]} Rf5 {[%emt 0:04:28]} 29. Rd7 {[%emt 0:01:13]} Rb5 {[%emt 0:02:37]} 30. Kc2 {[%emt 0:00:13]} 1/2-1/2

[Event "2nd Turkish League 2017"]
[Site "Konya"]
[Date "2017.07.20"]
[Round "5"]
[White "Celik, Berkay"]
[Black "Kerem, Halil Ozgun"]
[Result "0-1"]
[WhiteElo "1963"]
[BlackElo "2074"]
[Annotator "NA"]
[PlyCount "121"]
[EventType "team-tourn"]
[EventCountry "TUR"]
[SourceTitle "playchess.com"]
[Source "ChessBase"]
[SourceQuality "1"]
[TimeControl "5400+30"]

1. e4 {[%emt 0:00:30]} c5 {[%emt 0:01:00]} 2. Na3 {[%emt 0:00:00] B31: Sicilian: 2...Nc6 3 Bb5 g6} (2. Nf3 d6 3. d4 cxd4 4. Nxd4 Nf6 5. Nc3 Bd7 6. Be2 Nc6 7. Be3 e6 8. g4 h6 9. f4 Nxd4 10. Qxd4 e5 11. fxe5 Nxg4 12. O-O-O Nxe3 13. Qxe3 Qg5 14. Qxg5 hxg5 15. exd6 O-O-O {½-½ (32) So,W (2812)-Carlsen,M (2832) Leuven 2017}) 2... Nc6 {[%emt 0:03:30]} 3. Bb5 {[%emt 0:00:00]} Qc7 {[%emt 0:00:30]} 4. c3 {[%emt 0:00:30]} Nf6 {[%emt 0:00:30]} 5. Qe2 {[%emt 0:03:30]} a6 {[%emt 0:04:30]} 6. Bxc6 {[%emt 0:03:30]} Qxc6 {[%emt 0:00:30]} 7. d3 {[%emt 0:00:30]} g6 $146 {[%emt 0:25:30]} ({Predecessor:} 7... b5 8. Nf3 Bb7 9. O-O d6 {½-½ (80) Bernardi,R (2116)-Mrdja,M (2370) Verona 2008}) 8. f4 {[%emt 0:04:30]} d6 {[%emt 0:02:30]} 9. Nf3 {[%emt 0:05:30]} Bg4 {[%emt 0:00:30]} 10. Nc4 {[%emt 0:04:30]} b5 {[%emt 0:04:30]} 11. Ne3 {[%emt 0:00:00]} Bh5 {[%emt 0:01:30]} 12. O-O {[%emt 0:01:00]} Bg7 {[%emt 0:00:30]} 13. h3 {[%emt 0:20:30]} Bxf3 {[%emt 0:00:30]} 14. Rxf3 {[%emt 0:04:30]} c4 {[%emt 0:09:30]} 15. dxc4 {[%emt 0:06:30]} Nxe4 {[%emt 0:02:30]} 16. f5 {[%emt 0:02:30]} bxc4 {[%emt 0:00:30]} 17. Qxc4 {[%emt 0:01:30]} Qxc4 {[%emt 0:07:30]} 18. Nxc4 {[%emt 0:00:30]} Rb8 {[%emt 0:00:30]} 19. Be3 {[%emt 0:01:30]} d5 {[%emt 0:00:30]} 20. Bf4 {[%emt 0:00:30]} Rb7 {[%emt 0:02:30]} 21. Ne3 {[%emt 0:01:30]} e6 {[%emt 0:05:30]} 22. fxe6 {[%emt 0:02:30]} fxe6 {[%emt 0:00:30]} 23. Nd1 {[%emt 0:00:30]} e5 {[%emt 0:03:30]} (23... O-O $17 24. Bc1 Rf5) 24. Be3 {[%emt 0:00:30]} Ke7 {[%emt 0:02:30]} 25. Nf2 {[%emt 0:00:30]} Nd6 {[%emt 0:01:30]} 26. Bg5+ {[%emt 0:02:30]} Ke6 {[%emt 0:00:30]} 27. Nd3 {[%emt 0:01:30]} Rc8 {[%emt 0:01:17]} 28. Re1 {[%emt 0:06:30]} e4 {[%emt 0:01:03]} 29. Rf2 {[%emt 0:01:30]} Nc4 {[%emt 0:05:27]} 30. Bc1 {[%emt 0:06:21]} Kd6 {[%emt 0:02:19]} 31. Nf4 {[%emt 0:00:16]} g5 {[%emt 0:01:42]} 32. Nh5 {[%emt 0:01:24]} Be5 {[%emt 0:00:18]} 33. b3 {[%emt 0:03:05]} Bxc3 {[%emt 0:01:03]} 34. Rd1 {[%emt 0:00:11]} Nb6 {[%emt 0:04:36]} 35. Bxg5 {[%emt 0:00:19]} Kc5 {[%emt 0:01:59]} 36. Nf6 {[%emt 0:01:16]} Bd4 {[%emt 0:00:46]} 37. a3 {[%emt 0:02:57]} Bxf2+ {[%emt 0:00:43]} 38. Kxf2 {[%emt 0:00:02]} Kd6 {[%emt 0:01:44]} 39. Nxe4+ {[%emt 0:00:30]} Ke5 {[%emt 0:00:06]} 40. Nd2 {[%emt 0:01:42]} Rf7+ {[%emt 0:00:30]} 41. Nf3+ {[%emt 0:00:30]} Kd6 {[%emt 0:00:00]} 42. Be3 {[%emt 0:02:00]} Nd7 {[%emt 0:00:52]} 43. Bd4 {[%emt 0:01:32]} Nf6 $17 {[%emt 0:02:04]} (43... Rc2+ $142 44. Kg1 Re7) 44. Be5+ {[%emt 0:01:15]} Kc6 {[%emt 0:00:10]} 45. Ke3 {[%emt 0:00:50]} Nd7 {[%emt 0:00:38]} 46. Kd4 {[%emt 0:01:46]} Re7 {[%emt 0:01:01]} 47. Rc1+ {[%emt 0:01:59]} Kb7 {[%emt 0:00:03]} 48. Rxc8 {[%emt 0:00:31]} Kxc8 {[%emt 0:00:04]} 49. Kxd5 {[%emt 0:00:29]} Nxe5 {[%emt 0:01:48]} 50. Nxe5 {[%emt 0:00:02]} Rc7 {[%emt 0:00:00]} 51. Nc4 {[%emt 0:00:17]} Re7 {[%emt 0:00:33]} 52. Ne5 {[%emt 0:04:21]} Kb7 {[%emt 0:00:19]} 53. b4 {[%emt 0:00:07]} Rc7 {[%emt 0:00:19]} 54. Nc4 {[%emt 0:00:59]} Rd7+ {[%emt 0:00:29]} 55. Kc5 {[%emt 0:00:43]} Rd3 {[%emt 0:00:13]} 56. a4 {[%emt 0:00:21]} Rg3 {[%emt 0:00:30]} 57. b5 {[%emt 0:00:00]} axb5 {[%emt 0:00:00]} 58. axb5 {[%emt 0:00:24]} Rg5+ {[%emt 0:00:00]} 59. Kd4 {[%emt 0:02:48]} Rxg2 {[%emt 0:00:00]} 60. Nd6+ {[%emt 0:01:33]} Kb6 {[%emt 0:00:25]} 61. Nf5 {[%emt 0:00:30]} 0-1

[Event "2nd Turkish League 2017"]
[Site "Konya"]
[Date "2017.07.20"]
[Round "5"]
[White "Kaplan, Bahadir"]
[Black "Caglar, Sadullah B."]
[Result "1-0"]
[WhiteElo "1952"]
[BlackElo "1835"]
[Annotator "NA"]
[PlyCount "95"]
[EventType "team-tourn"]
[EventCountry "TUR"]
[SourceTitle "playchess.com"]
[Source "ChessBase"]
[SourceQuality "1"]
[TimeControl "5400+30"]

1. d4 {[%emt 0:00:30]} d5 {[%emt 0:01:00]} 2. c4 {[%emt 0:00:30]} e6 {[%emt 0:00:30]} 3. Nc3 {[%emt 0:00:30]} Nf6 {[%emt 0:00:30]} 4. cxd5 {[%emt 0:00:00]} exd5 {[%emt 0:00:00]} 5. Bg5 {[%emt 0:00:00]} Be7 {[%emt 0:00:00]} 6. e3 {[%emt 0:00:00]} h6 {[%emt 0:00:00]} 7. Bh4 {[%emt 0:03:00]} c6 {[%emt 0:11:00]} 8. Qc2 {[%emt 0:00:00]} Be6 {[%emt 0:02:30]} 9. Bd3 {[%emt 0:02:00] D36: Queen's Gambit Declined: Exchange Variation: Main line (5 Bg5 c6 6 Qc2)} Nbd7 {[%emt 0:02:30]} 10. Nf3 {[%emt 0:00:00]} Qb6 {[%emt 0:05:30]} (10... Nb6 11. O-O O-O 12. Bxf6 Bxf6 13. b4 Rc8 14. a4 Nd7 15. Rfc1 a5 16. bxa5 Qxa5 17. Bf5 Rfe8 18. Bxe6 Rxe6 19. Rab1 b6 20. h3 {½-½ (20) Varga,Z (2461)-Nomin Erdene,D (2434) Kecskemet 2015}) 11. O-O {[%emt 0:01:00]} g5 {[%emt 0:00:30]} 12. Bg3 {[%emt 0:01:30]} Nh5 {[%emt 0:00:30]} 13. Rab1 $146 {[%emt 0:13:30]} ({Predecessor:} 13. e4 Nxg3 14. hxg3 Nf6 15. Rfe1 g4 16. exd5 Nxd5 17. Nxd5 Bxd5 {1-0 (33) Spencer,D-Van de Perre,T Rosice u Brna 2003}) 13... Nxg3 {[%emt 0:02:30]} 14. hxg3 {[%emt 0:02:30]} h5 {[%emt 0:01:30]} 15. Bf5 {[%emt 0:00:30]} Rh6 {[%emt 0:02:30]} 16. b4 {[%emt 0:03:30]} a6 {[%emt 0:03:30]} 17. a4 {[%emt 0:09:30]} g4 {[%emt 0:26:30]} 18. Ne1 {[%emt 0:16:30]} Qc7 {[%emt 0:03:30]} 19. Bxe6 {[%emt 0:02:30]} fxe6 {[%emt 0:04:30]} 20. e4 {[%emt 0:07:30]} O-O-O $11 {[%emt 0:09:30]} 21. e5 {[%emt 0:02:30]} (21. b5 $11 {remains equal.}) 21... h4 {[%emt 0:01:30]} 22. Qe2 {[%emt 0:02:30]} Rdh8 {[%emt 0:08:15]} 23. Qxg4 {[%emt 0:02:30]} hxg3 {[%emt 0:00:10]} 24. fxg3 {[%emt 0:01:30]} Nxe5 {[%emt 0:00:52]} 25. Qg7 {[%emt 0:07:30]} Nd7 {[%emt 0:07:24]} 26. Nf3 {[%emt 0:03:51]} Bf6 {[%emt 0:00:42]} 27. Qg4 {[%emt 0:01:39]} e5 {[%emt 0:02:53]} 28. Nh4 {[%emt 0:07:17]} exd4 {[%emt 0:03:34]} 29. Nxd5 {[%emt 0:00:16]} Qd6 {[%emt 0:00:34]} 30. Nb6+ {[%emt 0:04:33]} Kc7 {[%emt 0:00:30]} 31. Nf5 {[%emt 0:00:00]} Rh1+ {[%emt 0:00:29]} 32. Kf2 {[%emt 0:00:07]} Rxf1+ {[%emt 0:00:30]} 33. Rxf1 {[%emt 0:00:00]} Qxb4 {[%emt 0:00:35]} 34. Nxd7 {[%emt 0:01:36]} Kxd7 {[%emt 0:00:28]} 35. Nxd4+ {[%emt 0:00:40]} Ke8 {[%emt 0:00:55]} 36. Re1+ {[%emt 0:00:24]} Kf7 {[%emt 0:00:03]} 37. Qd7+ {[%emt 0:01:52]} Kg6 {[%emt 0:00:14]} 38. Qf5+ {[%emt 0:00:56]} Kf7 {[%emt 0:00:04]} 39. Qd7+ {[%emt 0:01:41]} Kg6 {[%emt 0:00:14]} 40. Qf5+ {[%emt 0:01:31]} Kf7 {[%emt 0:00:04]} 41. Qd7+ {[%emt 0:01:39]} Kg6 {[%emt 0:00:02]} 42. Ne6 {[%emt 0:00:32]} Qb2+ {[%emt 0:01:45]} 43. Kg1 {[%emt 0:00:26]} Qb6+ {[%emt 0:00:45]} 44. Kf1 {[%emt 0:00:20]} Rh1+ {[%emt 0:00:16]} 45. Ke2 {[%emt 0:00:00]} Qb2+ {[%emt 0:00:05]} 46. Kf3 {[%emt 0:00:38]} Rxe1 {[%emt 0:00:32]} 47. Nf8+ {[%emt 0:00:55]} Kg5 {[%emt 0:01:24]} 48. Qg4+ {[%emt 0:00:09]} 1-0

[Event "2nd Turkish League 2017"]
[Site "Konya"]
[Date "2017.07.20"]
[Round "5"]
[White "Ozgur, Isa"]
[Black "Yamac, Yuksel Yalcin"]
[Result "1-0"]
[WhiteElo "1904"]
[BlackElo "1845"]
[Annotator "NA"]
[PlyCount "69"]
[EventType "team-tourn"]
[EventCountry "TUR"]
[SourceTitle "playchess.com"]
[Source "ChessBase"]
[SourceQuality "1"]
[TimeControl "5400+30"]

1. d4 {[%emt 0:00:30]} Nf6 {[%emt 0:01:00]} 2. c4 {[%emt 0:00:30]} c5 {[%emt 0:01:30]} 3. d5 {[%emt 0:02:30]} e6 {[%emt 0:02:30]} 4. Nc3 {[%emt 0:00:30]} exd5 {[%emt 0:00:30]} 5. cxd5 {[%emt 0:00:00]} d6 {[%emt 0:00:30]} 6. g3 {[%emt 0:00:00]} g6 {[%emt 0:00:30]} 7. Bg2 {[%emt 0:00:30]} Bg7 {[%emt 0:00:30]} 8. Nf3 {[%emt 0:00:00]} a6 {[%emt 0:00:30]} 9. a4 {[%emt 0:00:00]} O-O {[%emt 0:04:30]} 10. O-O {[%emt 0:02:30]} Re8 {[%emt 0:01:30]} 11. Nd2 {[%emt 0:01:30]} Qe7 {[%emt 0:02:30]} 12. Nc4 {[%emt 0:03:30]} Rd8 {[%emt 0:15:30]} 13. h3 {[%emt 0:12:30]} Nfd7 {[%emt 0:09:30]} 14. e4 {[%emt 0:10:30]} Ne5 {[%emt 0:06:30]} 15. Nb6 {[%emt 0:00:30]} Ra7 {[%emt 0:00:30]} 16. f4 {[%emt 0:00:30]} Ned7 {[%emt 0:03:30]} 17. Nc4 {[%emt 0:02:30]} f6 {[%emt 0:05:30]} 18. a5 {[%emt 0:07:30]} h6 {[%emt 0:08:30]} 19. Re1 {[%emt 0:08:30]} g5 {[%emt 0:14:30]} 20. Bd2 {[%emt 0:14:30]} Qf8 {[%emt 0:07:39]} 21. Na4 {[%emt 0:01:30]} Re8 {[%emt 0:02:58]} 22. Bc3 {[%emt 0:01:30]} Kh8 {[%emt 0:07:20]} 23. Re3 {[%emt 0:01:30]} Kg8 {[%emt 0:00:51]} 24. Qe2 {[%emt 0:00:30]} Kh8 {[%emt 0:02:11]} 25. Rf1 {[%emt 0:00:00]} Qe7 {[%emt 0:00:06]} 26. Re1 {[%emt 0:01:00]} gxf4 {[%emt 0:01:17]} 27. gxf4 {[%emt 0:00:00]} Qf8 {[%emt 0:00:28]} 28. e5 {[%emt 0:01:00]} fxe5 {[%emt 0:00:18]} 29. fxe5 {[%emt 0:00:30]} Nxe5 {[%emt 0:00:20]} 30. Nxe5 {[%emt 0:00:00]} Bxe5 {[%emt 0:00:39]} 31. Bxe5+ {[%emt 0:00:00]} dxe5 {[%emt 0:00:55]} 32. Rxe5 {[%emt 0:00:00]} Rd8 {[%emt 0:00:32]} 33. Re7 {[%emt 0:01:00]} Nd7 {[%emt 0:00:30]} 34. Rf1 {[%emt 0:00:30]} Nf6 {[%emt 0:00:30]} 35. Qe5 {[%emt 0:00:30]} 1-0